Music Quiz

Random Music or Song Quiz
Score 0/15 Timer 10:00
0 Plays Today
Hint Answer % Correct
She's trouble in a tank top pretty little time bomb Blowing up I'll take you downLost In Stereo
93.2%
From the get-go I knew this was hard to hold Like a crash the whole thing spun out of control Oh, on a wire, we were dancing Two kids no consequencesTime Bomb
90.9%
You're only happy when I'm wasted I point my finger but I just can't place it Feels like I'm falling in loveStella
89.8%
Wide awake, my mistake so predictable You were fake, I was great nothing personalBreak Your Little Heart
86.4%
Take off your shirt, your shoes, those skinny jeans I bought for you. We're diving in, there's nothing left to lose.Walls
85.2%
Whiskey Princess Drink me under, pull me in You had me at come over boy I need a friendBackseat Serenade
83%
I wish you could see your face right now 'Cause you're grinning like a fool And we're sitting on your kitchen floor On a Tuesday afternoonA Daydream Away
80.7%
When it all comes down To a sunrise on the East Side, Will you be there to carry home The remains of my wasted youth?Coffee Shop Soundtrack
78.4%
Hint Answer % Correct
Now this place seems familiar to him She pulled on his hand with a devilish grinRemembering Sunday
78.4%
You're tearing a hole right through the walls Of everything we used to know I'm building a place, something amazing Just for the sake of saving usUnder A Paper Moon
64.8%
Well, you're a long walk from my street And I'm dying in this summer heat I hope like hell you're waiting, waitingThe Beach
61.4%
I think I'm caught in between The nights and days fly by When I'm lost on the streets And my eyes, they despise you for who I amPoppin Champagne
60.2%
I'm just a face for every picture, a smile for your scrap-books, and a story to be told, and told, but I'm but I'm loving every secondThis Is How We Do
46.6%
Get me out of this place, before I cause more damage, a small price to pay for building houses out of matchsticksRunning From Lions
45.5%
I've got a bone to pick with you, Mr. DJ The traffic and the sound Is just as bad as it is in LACome on come all
23.9%

You're not logged in!

Compare scores with friends on all Sporcle quizzes.
OR
Log In

Sporcle TV

Today on Sporcle TV


Watch our educational content, quiz creation guides, and fun videos on Sporcle TV.

Show Comments

Extras

Created Oct 30, 2013ReportNominate
Tags:Song Quiz, All Time, low

Top Quizzes Today


Score Distribution

Paid Content

Your Account Isn't Verified!

In order to create a playlist on Sporcle, you need to verify the email address you used during registration. Go to your Sporcle Settings to finish the process.

Report this User

Report this user for behavior that violates our Community Guidelines.

Details: